| 000 | 00739nam a2200253Ia 4500 | ||
|---|---|---|---|
| 003 | OSt | ||
| 005 | 20221005050136.0 | ||
| 006 | a|||||r|||| 00| 0 | ||
| 007 | ta | ||
| 008 | 221004b |||||||| |||| 00| 0 ben d | ||
| 020 | _a9789380357270 (hbk) | ||
| 024 | _a22776 | ||
| 037 |
_bGift, 12/10/2015, _cTextual |
||
| 040 |
_aCRL _cCRL _bben |
||
| 041 |
_2ben _aben |
||
| 082 | _aY:4(L).2.N10<-M20, 157Q1 | ||
| 100 |
_aKar Anupama _9594322 |
||
| 245 | 0 | _aSwastha parishebar aloke florence nightingale | |
| 260 |
_aKolkatta _bDey's Pub. India _c2011 |
||
| 300 |
_a79p. _ccm. |
||
| 650 | _aSOCIOLOGY | ||
| 942 |
_hY:4(L).2.N10<-M20, 157Q1 _cTEXL _2cc |
||
| 999 |
_c956419 _d956419 |
||